000
00309nam a22001217a 4500
020
_a
9789695623909
082
_a
923.15491
100
_a
Dr. Nadeem Shafiq malik (Ed)
245
_a
The USA, Canada and The Quaid-i-Azam Muhammad ali Jinnah
260
_a
Lahore
_b
Fiction
_c
2015
300
_a
187p
942
_c
BK
999
_c
3070
_d
3070